Zhodnotenie daňových implikácií v SR pri predaji a spätnom prenájme diplomová práca

Uložené v:
Podrobná bibliografia
Hlavný autor: Melicherík, Jakub
Korporativný autor: Fakulta hospodárskej informatiky EU. Katedra účtovníctva a audítorstva
Ďalší autori: Mateášová, Martina, 1979-
Médium: Kniha
Jazyk:Slovak
Vydavateľské údaje: Bratislava 2025
Tagy: Pridať tag
Žiadne tagy, Buďte prvý, kto otaguje tento záznam!

MARC

LEADER 00000nbm a2200000 4500
001 0310561
005 20251208124101.8
041 0 |a slo 
044 |a SK 
245 1 0 |a Zhodnotenie daňových implikácií v SR pri predaji a spätnom prenájme  |b diplomová práca  |c Jakub Melicherík ; školiteľ: Martina Mateášová 
264 1 |a Bratislava  |c 2025 
300 |a 66 s. 
100 1 |a Melicherík, Jakub 
700 1 |a Mateášová, Martina, 1979- 
710 2 |a Fakulta hospodárskej informatiky EU. Katedra účtovníctva a audítorstva